书目信息 |
| 题名: |
英语词组速记训练
|
|
| 作者: | 唐述宗 编著 | |
| 分册: | ||
| 出版信息: | 合肥 安徽科学技术出版社 1996.03 |
|
| 页数: | 440页 | |
| 开本: | 32开 | |
| 丛书名: | ||
| 单 册: | ||
| 中图分类: | H313 | |
| 科图分类: | ||
| 主题词: | 英语 | |
| 电子资源: | ||
| ISBN: | 7-5337-1353-2 | |
| 000 | 00551nam0 2200193 45 | |
| 001 | 0009061178 | |
| 005 | 20000906113129.1 | |
| 010 | @a7-5337-1353-2@d13.80元 | |
| 100 | @a20000906d1996 km y0chiy0120 ea | |
| 101 | 0 | @achi |
| 105 | @a z 000yy | |
| 200 | 1 | @a英语词组速记训练@AYing Yu Ci Zu Su Ji Xun Lian@f唐述宗编著@FTang Shu Zong Bian Zhu |
| 210 | @a合肥@c安徽科学技术出版社@d1996.03 | |
| 215 | @a440页@d32开 | |
| 606 | 0 | @a英语 |
| 690 | @aH313@v3 | |
| 701 | 0 | @a唐述宗@4编著 |
| 801 | @aCN@bPftUser@c20000906 | |
| 905 | @b122446-450@dH313@eT951@f5 | |
| 英语词组速记训练/唐述宗编著.-合肥:安徽科学技术出版社,1996.03 |
| 440页;32开 |
| ISBN 7-5337-1353-2:13.80元 |
| ● |
| 相关链接 |
|
|
|
正题名:英语词组速记训练
索取号:H313/T951
 
预约/预借
| 序号 | 登录号 | 条形码 | 馆藏地/架位号 | 状态 | 备注 |
| 1 | 122446 | 201224460 | 语言库209/209语言库 103排8列4层/ [索取号:H313/T951] | 在馆 | |
| 2 | 122447 | 201224479 | 语言库209/209语言库 103排8列4层/ [索取号:H313/T951] | 在馆 | |
| 3 | 122448 | 201224488 | 语言库209/209语言库 103排8列4层/ [索取号:H313/T951] | 在馆 | |
| 4 | 122449 | 201224497 | 语言库209/209语言库 103排8列4层/ [索取号:H313/T951] | 在馆 | |
| 5 | 122450 | 201224503 | 语言库209/209语言库 103排8列4层/ [索取号:H313/T951] | 在馆 |